000 004370000a22001810004500
003 MACL
005 20151206135356.0
008 151206b xxu||||| |||| 00| 0 eng d
040 _aMACL
_cMACL
041 _aEnglish
082 _a741.642
100 _aBakshi, Ramesh
_919568
245 _aTilli The Butterfly
260 _bNational Book Trust
_c1982
350 _a2.50
650 _aChildren's Book
_919569
942 _cBK
_k741.642
_2ddc
999 _c5947
_d5947